Przystanki linii autobusowej 167 - Warszawa - Statystyki

Ogólne statystyki
  • Ten quiz został rozwiązany 48 razy
  • Średni wynik to 26 z 44
Statystyki odpowiedzi
Dzielnica Przystanek % Poprawnych
Bemowo Stare Bemowo
90%
Bemowo Stare Bemowo
90%
Bemowo Metro Bemowo
83%
Mokotów Siekierki-Sanktuarium
83%
Bemowo Klemensiewicza
76%
Bemowo Os. Górczewska
76%
Wola Góralska
72%
Wola Metro Księcia Janusza
72%
Wola Metro Ulrychów
72%
Bemowo Kocjana
69%
Ochota Rondo Zesłańców Syberyjskich
69%
Bemowo WAT
69%
Śródmieście GUS
66%
Wola Redutowa
66%
Mokotów Sielce
66%
Wola Zajezdnia Redutowa
66%
Bemowo Archimedesa
62%
Wola Armatnia
62%
Ochota Bitwy Warszawskiej 1920r.
62%
Wola Ordona
62%
Ochota Szczęśliwicka
62%
Mokotów Bartycka
59%
Bemowo Fort Blizne
59%
Bemowo Konarskiego
59%
Ochota Pomnik Lotnika
59%
Mokotów Spacerowa
59%
Ochota Wawelska
59%
Mokotów Budexpo
55%
Mokotów Ku Wiśle
55%
Bemowo Narwik
55%
Śródmieście Biblioteka Narodowa
52%
Ochota Och-Teatr
52%
Wola Parafialna
52%
Wola Pustola
52%
Mokotów Stępińska
52%
Ochota Aleja Wielkopolski
48%
Mokotów Iwicka
48%
Wola Reduta Wolska
48%
Mokotów Łososiowa
41%
Mokotów Siekierkowska
41%
Mokotów Goworka
38%
Mokotów Figowa
34%
Wola PKP Kasprzaka
28%
Mokotów Stefana Batorego
24%
Nie znaleziono quizów pasujących do podanych kryteriów
Rozkład punktacji
Procent ludzi z każdym wynikiem
Percentyl według liczby udzielonych odpowiedzi
Twoja historia wyników
Nie rozwiązałeś tego quizu